MARC details
| 000 -LEADER |
| fixed length control field |
01110nam a2200253Ia 4500 |
| 003 - CONTROL NUMBER IDENTIFIER |
| control field |
IN-BaIIA |
| 008 - FIXED-LENGTH DATA ELEMENTS--GENERAL INFORMATION |
| fixed length control field |
211028s9999 xx 000 0 eng d |
| 020 ## - INTERNATIONAL STANDARD BOOK NUMBER |
| International Standard Book Number |
1-58381-215-6 |
| 040 ## - CATALOGING SOURCE |
| Transcribing agency |
IIA Library |
| 080 ## - UNIVERSAL DECIMAL CLASSIFICATION NUMBER |
| Universal Decimal Classification number |
082.2:52 |
| Item number |
ASP-347 |
| 111 ## - MAIN ENTRY--MEETING NAME |
| Meeting name or jurisdiction name as entry element |
Conference on Astronomical Data Analysis Software and Systems |
| Location of meeting |
USA |
| Date of meeting or treaty signing |
2004 Oct. 24-27 |
| 9 (RLIN) |
30800 |
| 245 #0 - TITLE STATEMENT |
| Title |
Astronomical data analysis software and systems |
| Remainder of title |
XIV, proceedings of a conference held in California, USA, 24-27 Oct 2004 |
| Statement of responsibility, etc. |
edited by P. L. Shopbell, M. C. Britton and Rick Ebert |
| 260 ## - PUBLICATION, DISTRIBUTION, ETC. |
| Place of publication, distribution, etc. |
San Francisco |
| Name of publisher, distributor, etc. |
Astronomical Society of the Pacific |
| Date of publication, distribution, etc. |
2005 |
| 300 ## - PHYSICAL DESCRIPTION |
| Extent |
xxxv, 709p. |
| 490 ## - SERIES STATEMENT |
| Series statement |
ASP conference series; v. 347 |
| 650 ## - SUBJECT ADDED ENTRY--TOPICAL TERM |
| Topical term or geographic name entry element |
Astronomy - computer network resources |
| 9 (RLIN) |
30801 |
| 650 ## - SUBJECT ADDED ENTRY--TOPICAL TERM |
| Topical term or geographic name entry element |
Data mining - congresses |
| 9 (RLIN) |
30802 |
| 650 ## - SUBJECT ADDED ENTRY--TOPICAL TERM |
| Topical term or geographic name entry element |
Imaging systems in astronomy - data processing |
| 9 (RLIN) |
25293 |
| 650 ## - SUBJECT ADDED ENTRY--TOPICAL TERM |
| Topical term or geographic name entry element |
Retrieval system - congresses |
| 9 (RLIN) |
30803 |
| 700 ## - ADDED ENTRY--PERSONAL NAME |
| Personal name |
Britton, M. C., ed. |
| 9 (RLIN) |
30804 |
| 700 ## - ADDED ENTRY--PERSONAL NAME |
| Personal name |
Ebert, Rick., ed. |
| 9 (RLIN) |
30805 |
| 710 ## - ADDED ENTRY--CORPORATE NAME |
| Corporate name or jurisdiction name as entry element |
Astronomical Society of the Pacific |
| 9 (RLIN) |
1154 |
| 942 ## - ADDED ENTRY ELEMENTS (KOHA) |
| Koha item type |
Books |